000
00316nam a2200109 a 4500
005
20140408090027.0
008
021125s19uu xx 00 eng d
050
_a
PHS '00
_b
K95 #21
100
_a
Kua, Elliza Rolaine Arellano
245
_a
Perceptions of high shool students to different fashion trends.
942
_c
PASS
999
_c
96358
_d
96358